A companion to Mozart's piano concertos

Uloženo v:
Podrobná bibliografie
Hlavní autor: Hutchings, Arthur (Autor)
Médium: Kniha
Jazyk:angličtina
Vydáno: Londres Oxford University 1950
Vydání:2a. ed
Témata:
Tagy: Přidat tag
Žádné tagy, Buďte první, kdo vytvoří štítek k tomuto záznamu!

MARC

LEADER 00000nam a2200000 a 4500
001 UCN3210
003 CL-VaPUC
005 20240628104440.0
008 010622e19500000UK |||||||||||||||||eng|d
999 |c 296135  |d 296133 
040 |c Pontificia Universidad Católica de Valparaíso 
082 0 4 |a 786.2186  |b HUT  |2 21 
100 |a Hutchings, Arthur  |e author  |9 459647 
245 1 2 |a A companion to Mozart's piano concertos 
250 |a 2a. ed 
260 |a Londres  |b Oxford University  |c 1950 
300 |a 211 p 
583 |a last modification  |c 20010622 00:00:00  |k Rodrigo Vera 
600 0 |a Mozart, Wolfgang Amadeus  |d 1756-1791  |9 869087 
650 0 |a Música para piano  |9 306528 
650 0 |a Conciertos  |9 306377 
650 0 |a Análisis musical  |9 267228 
650 0 |a Compositores austríacos  |2 CL-VaPUC  |9 324827 
650 0 |a Clasicismo en la música  |2 CL-VaPUC  |9 458291 
942 |c BK  |2 ddc 
945 |d 20010622 00:00:00  |a crobeson 
952 |0 0  |1 0  |4 0  |6 786_218600000000000_HUT_1950  |7 0  |8 A  |9 349747  |a BIBEDU  |b BIBEDU  |d 2019-11-20  |i 1234633  |o 786.2186 HUT 1950  |p 1234633  |r 2023-01-12  |w 2019-11-20  |y BK  |k MUS